LEADER 01000nam a2200229 i 4500 001 000000152238 003 CaOOAMICUS 005 20060727000000.0 008 060727s1967 it u000 u ita u 013 $a129579 040 $aSeMil$bita 100 1 $aBranca, Vittorio <1905-1969>.$0(OLS)http://semarc/name/7005 245 13$aLa nostra chiesa parrocchiale /$cVittorio Branca. 260 $aVarese :$bTipografia arcivescovile dell'Addolorata,$c1967. 300 $a59 p. :$bill. ;$c30 cm. 500 $aIn cop. : Notizie storico-illustrative della chiesa parrocchiale di Cerro Maggiore dalle orini all'anno 1925. 650 4$aCerro Maggiore.$0(OLS)http://semarc/subject/6350 850 $aSeMil 852 $aSeMil$W1$xVenegono$y1$m5B XII 1/19$j104197$B104197$CSeMilBibl$Z2$F113236 $81 961 $aRecupero: Altro 996 $6245$aLa nostra chiesa parrocchiale$9(OLS)http://semarc/title/222568 996 $6260$aVarese :$bTipografia arcivescovile dell'Addolorata$9(OLS)http://semarc/publisher/30138 LEADER 00963nam a2200241 i 4500 001 000000341919 003 CaOOAMICUS 005 20200907143213.0 008 200907s2004 fr a u000 u fre u 013 $a201887 040 $aSeMil$bita 100 1 $aDanneels, Godfried,$c.$0(OLS)http://semarc/name/20644 245 13$aLa joie /$c[Card. Godfried Danneels]. 260 $aMechelen :$bService de presse de l'Archevêché,$c2004. 300 $a48 p. ;$c22 cm. 490 0 $aParoles de vie ;$v47 650 4$aGioia - Meditazioni.$0(OLS)http://semarc/subject/19935 830 0$aParoles de vie ;$v47.$0(OLS)http://semarc/title/24459 850 $aSeMil 852 $aSeMil$W1$xVenegono$y1$m5D XI 22/38$j221441$B232963$CSeMilBibl$Z2$F232963 $81 996 $6245$aLa joie$9(OLS)http://semarc/title/100799 996 $6260$aMechelen :$bService de presse de l'Archevêché$9(OLS)http://semarc/publisher/53299